000 00584nam a2200193 a 4500
003 BD-DhJNU
005 20260111092526.0
008 251001s1984 ii a b 001 0 eng
020 _a0340049448
040 _aBD-DhJNU
_bENG
_cBD-DhJNU
_dBD-DhJNU
082 0 0 _a910.02 MOP
_223
100 1 _aMonkhouse, Francis John
245 1 0 _aPrinciples of physical geography /
_cFrancis John Monkhouse
260 _aLondon :
_bPlatinum Pub,
_c1984.
300 _a570 p. :
_bill. ;
_c21 cm.
504 _aIncludes bibliographical references and index.
650 0 _aPhysical geography
942 _cBK
999 _c2508
_d2508